000 00399nam a2200169Ia 4500
003 STCL
008 181203s9999 xx 000 0 und d
020 _a9781119009252
040 _aSTCL
_bEN
_cSTCL
082 _222
100 _aDamrosch, David
245 0 _aHow to Read World Literature
260 _bWiley Blackwell
_aNew Delhi
_c2017
300 _a205
546 _aEnglish
942 _2ddc
_cBK
999 _c86642
_d86642